000 02414nam a2200433 c 4500
003 BLK
005 20180422095459.0
008 180413b bul|||||r ||||||| ||bul||
010 _aKNG00026678000
020 _a954-626-102-5
_bиздат.: Аратрон
040 _aBLK
041 _aBUL
_cBUL
080 _aИндивидуална психология. Психология на личността. Индивидуалност. Психология на характера. Характерология. Психологическа типология
_b159.923
_x
_z159.923
080 _aОсобености на духовния живот. Съзнание. Духовно развитие на човека. Диференциална психология. Генетична психология. Еволюционна психология
_b159.922
_x
_z159.922
080 _aАстрология
_b133.52
_x
_z133.52
080 _aВъншен израз на психическите процеси и чертите на характера. Физиогномия. Френология. Графология. Краниоскопия
_b159.925
_x
_z159.925
100 1 _aЗанос, Сюзан
_eпърви автор
_969019
700 1 _aКомарова, Зорница
_eпрев. от англ.
_9365538
139 _aЗанос, Сюзан
_bЗ 31
245 1 0 _aЧовешките типове
_bСъщност и енеаграма
_cСюзан Занос; прев. от англ. Зорница Комарова.
260 София
_bАратрон
_c1999
_fПерник : Съперник 98
300 _a373 с.
_bс ил., сх.
_c20 см
380 _a1
500 _aОриг. загл. Human types / Susan Zannos. - Офс. изд. - 1 500 тир. - Съдържа и За автора. - Библиогр. с. 369-372.
504 _a369-372
650 4 _aЛичност - психология
_9243160
650 4 _aФизиогномика
_9175297
650 4 _aАстрология
_9147757
653 _aчовешки типове
653 _aфизиогномика
653 _aастрология
653 _aличности
653 _aиндивидуална психология
852 _aЦб 200329
856 4 _qpdf
_u
856 4 _qpdf
_u
942 _cKNG
_n0
944 _aCR
_c15.01.2003
_kАДМИНИСТРАТОР_НА_АБ
944 _aED
_c18.08.2015
_kВаля_Йорданова
999 _c24173
_d24173